Panamá: 1978 un año político
Kaydedildi:
| Materyal Türü: | Metin |
|---|---|
| Konular: | |
| Etiketler: |
Etiketle
Etiket eklenmemiş, İlk siz ekleyin!
|
MARC
| LEADER | 00000 a a2200000 04500 | ||
|---|---|---|---|
| 001 | 17578 | ||
| 003 | |||
| 040 | |||
| 245 | |a Panamá: |b 1978 un año político | ||
| 650 | |a PANAMA | ||
| 650 | |a ELECCIONES | ||
| 773 | |g volumen 1, número 37; páginas 214 | ||
| 999 | |c 31747 |d 31747 | ||
| 773 | 0 | |0 42391 |9 3946 |a Agencia Latinoamericana de Información, ALAI |d Quito, Ecuador: ALAI |o 03976 |t ALAI: |x 08275564 (Servicio mensual de información y documentación) | |
